Les records de la Ligue des Champions - Statistiques

Statistiques générales
  • Ce quiz a été pris 612 fois
  • Le résultat moyen est 11 sur 20
Statistiques - réponses
Record Club/joueur/Entraîneur % Correct
Nombre de saisons (53) (club) Real Madrid
89%
Meilleur Buteur Cristiano Ronaldo
82%
2ème meilleur buteur Lionel Messi
81%
Le plus de défaite en Finale (7) (club) Juventus
73%
Le plus de trophées consécutifs (3) (Entraîneur) Zinedine Zidane
73%
Plus de matchs (Joueur) Cristiano Ronaldo
66%
Le plus de trophées (4) (Entraîneur) Carlo Ancelotti
64%
3 ème meilleur buteur Robert Lewandowski
64%
Gardien ayant joué le plus de matchs Iker Casillas
62%
3ème meilleur passeur Lionel Messi
61%
Meilleur passeur Cristiano Ronaldo
60%
Matchs consécutifs avec au moins un but marqué (34) (club) Real Madrid | Paris Saint-Germain
57%
Victoires consécutives (15) (club) Bayern Munich
51%
Record d'invincibilité à domicile (37) (club) FC Barcelone
47%
Buts marqués en phase de groupes sur 1 saison (25) (club) Paris Saint-Germain
45%
à avoir marquer pour le plus de club différents (6) Zlatan Ibrahimović
43%
2ème meilleur passeur Angel Di Maria
33%
Plus jeune joueur à marquer dans la compétition (record établi en 2019) Ansu Fati
21%
Le plus de matchs sans but encaissé (10) (Club) Arsenal
11%
Le moins de buts marqués en phase de groupes sur 1 saison (0) (Club) Dinamo Zagreb | Maccabi Haïfa | Deportivo La Corogne
5%
Aucun quiz correspondant
Distribution des résultats
% des personnes avec chaque résultat
Percentile par nombre de réponses
Votre historique - résultats
Vous n’avez pas pris ce quiz